| 000 | 00979nam a2200265 4500 | ||
|---|---|---|---|
| 005 | 20090922122720.0 | ||
| 008 | 700624s1969 ii b 000 0 eng | ||
| 010 | _aB-358126 | ||
| 020 |
_a8181070135 _c150.00 |
||
| 035 | _aB-358126 | ||
| 037 | _bDBAD / PUB | ||
| 040 |
_adpl _bEnglish |
||
| 082 | _aS | ||
| 100 | _aSwift, Jonathan | ||
| 245 |
_aGulliver's travels / _cby Jonathan Swift; edited & compiled by Reema Prashar; illustrated by Shankar Nayak |
||
| 260 |
_aNew Delhi _bVishv Pustak Kendra _c2007 |
||
| 270 |
_aA-47, Amar Colony, Lajpat Nagar, _bNew Delhi _e110024 |
||
| 300 |
_a152p. : _c22cm(Hb) _bill. |
||
| 490 | _aSlilver bell children classics | ||
| 650 | _aChildren's stories, English | ||
| 700 | _aPrashar, Reema | ||
| 700 | _aNayak \,Shankar | ||
| 942 |
_2ddc _cCH _hS _mSWI |
||
| 999 |
_c30545 _d30545 |
||